UK Nuclear Power Stations - Statistics

General Stats
  • This quiz has been taken 53 times
    41 since last reset
  • The average score is 13 of 21
Answer Stats
Hint Answer % Correct
2000 Hinkley Point A
97%
2022 Hinkley Point B
97%
2026 Hinkley Point C
97%
2006 Sizewell A
80%
2035 Sizewell B
80%
2035* Sizewell C
80%
2003 Calder Hall
73%
2026 Hartlepool
70%
2028 Torness
67%
2021 Dungeness B
60%
2026 Heysham 1
60%
2028 Heysham 2
60%
2006 Dungeness A
53%
1990 Hunterston A
50%
2022 Hunterston B
50%
2015 Wylfa
47%
1989 Berkeley
43%
2002 Bradwell
40%
2004 Chapelcross
40%
1991 Trawsfynydd
40%
2012 Oldbury
37%
No matching quizzes found
Score Distribution
Percent of People with Each Score
Percentile by Number Answered
Your Score History
You have not taken this quiz since the last reset